header

Salmonella and campylobacter in chicken meat (Record no. 78544)

MARC details
000 -LEADER
fixed length control field 02209nam a2200457Ia 4500
245 00 - TITLE STATEMENT
Title Salmonella and campylobacter in chicken meat
260 ## - PUBLICATION, DISTRIBUTION, ETC. (IMPRINT)
Place of publication Rome :
Name of publisher Nutrition and Consumer Protection Division, Food and Agriculture Organization of the United Nations ;
Place of publication Geneva :
Name of publisher Department of Food Safety and Zoonoses,
Year of publication c2009.
300 ## - PHYSICAL DESCRIPTION
Number of Pages xvi, 49 p.
490 1# - SERIES STATEMENT
Series statement Microbiological risk assessment series ;
500 ## - GENERAL NOTE
General note "The discussions and outcome of a Technical Meeting, convened by FAO and WHO, held 4 to 8 May 2009 in Rome, Italy."
650 #0 - SUBJECT ADDED ENTRY--TOPICAL TERM
Topical Term Salmonella infections
Topical Term Campylobacter infections
Topical Term Salmonella infections in poultry
Topical Term Campylobacter infections in poultry
Topical Term Bacterial diseases in poultry
Topical Term Meat
Topical Term Chicken industry
Topical Term Foodborne diseases
Topical Term Food contamination
856 40 - ELECTRONIC LOCATION AND ACCESS
Uniform Resource Identifier http://site.ebrary.com/lib/rucke/Doc?id=10411813

No items available.

© 2026 Rongo University
Contact us: librarian | system librarian | Rongo university